[Event "South Wales op 20th"]
[Site "Bridgend"]
[Date "2025.07.06"]
[Round "5"]
[White "Vaidyanathan, Sathya"]
[Black "Fowler, Hugo"]
[Result "1/2-1/2"]
[WhiteElo "1878"]
[BlackElo "1989"]
[PlyCount "50"]
[EventDate "2025.07.04"]
[EventType "swiss"]
[EventRounds "9"]
[EventCountry "WLS"]
[SourceTitle "CB29_2025"]
[SourceDate "2025.07.16"]
[SourceVersion "1"]
[SourceVersionDate "2025.07.16"]
[SourceQuality "1"]

1. e4 e5 2. Nf3 Nc6 3. d4 exd4 4. Nxd4 Bc5 5. Nb3 Bb6 6. Nc3 d6 7. Qe2 Be6 8. Be3 Nf6 9. f3 Qe7 10. 0-0-0 0-0-0 11. Nd4 Nxd4 12. Bxd4 Rhe8 13. Bxb6 axb6 14. Qb5 d5 15. Qa4 c6 16. Rd3 dxe4 17. Nxe4 Bf5 18. Rxd8+ Rxd8 19. Bd3 Nxe4 20. Bxe4 Qg5+ 21. Kb1 Bxe4 22. Qxe4 Qxg2 23. Qf5+ Kb8 24. Qf4+ Kc8 25. Qf5+ Kb8 1/2-1/2

[Event "South Wales op 20th"]
[Site "Bridgend"]
[Date "2025.07.04"]
[Round "1"]
[White "Williams, John A"]
[Black "Fowler, Hugo"]
[Result "0-1"]
[WhiteElo "1665"]
[BlackElo "1989"]
[PlyCount "76"]
[EventDate "2025.07.04"]
[EventType "swiss"]
[EventRounds "9"]
[EventCountry "WLS"]
[SourceTitle "CB29_2025"]
[SourceDate "2025.07.16"]
[SourceVersion "1"]
[SourceVersionDate "2025.07.16"]
[SourceQuality "1"]

1. d4 d5 2. c4 dxc4 3. e3 Nf6 4. Bxc4 c5 5. Nc3 cxd4 6. exd4 e6 7. Nf3 Be7 8. 0-0 0-0 9. Re1 Nc6 10. a3 b6 11. Bg5 Bb7 12. Qd3 h6 13. Bh4 Nh5 14. Bg3 Nxg3 15. hxg3 Bf6 16. Ne2 Ne7 17. Nf4 Nd5 18. Rad1 Rc8 19. Ba2 Qd6 20. Bb1 Rfd8 21. Qh7+ Kf8 22. Nh5 g6 23. Qxh6+ Ke7 24. Nxf6 Nxf6 25. Qf4 Qxf4 26. gxf4 Bxf3 27. gxf3 Kd6 28. Kf1 Nd5 29. Ke2 Nxf4+ 30. Kd2 g5 31. Rh1 Ke7 32. Ke3 Rc4 33. Ba2 Rc2 34. Rd2 Rxd2 35. Kxd2 Rxd4+ 36. Ke3 Rd3+ 37. Ke4 f5+ 38. Ke5 Ng6# 0-1

[Event "Daventry 4NCL op-A 30th"]
[Site "Daventry"]
[Date "2023.06.17"]
[Round "3"]
[White "Fowler, Hugo"]
[Black "Khoury, Theo"]
[Result "1/2-1/2"]
[WhiteElo "1940"]
[BlackElo "2109"]
[PlyCount "87"]
[EventDate "2023.06.16"]
[EventType "swiss"]
[EventRounds "5"]
[EventCountry "ENG"]
[SourceTitle "CBM 214 Extra"]
[Source "ChessBase"]
[SourceDate "2023.07.31"]
[SourceVersion "1"]
[SourceVersionDate "2023.07.31"]
[SourceQuality "1"]

1. e4 c5 2. c3 Nf6 3. e5 Nd5 4. d4 cxd4 5. cxd4 d6 6. Nf3 Nc6 7. Bc4 Nb6 8. Bb3 dxe5 9. Nxe5 Nxe5 10. dxe5 Qxd1+ 11. Bxd1 Bf5 12. 0-0 e6 13. Be3 Bd3 14. Re1 Bb4 15. Nc3 0-0 16. a3 Bxc3 17. bxc3 Nc4 18. Bd4 b5 19. Bf3 Rac8 20. Bxa7 Nd2 21. Bd4 Nxf3+ 22. gxf3 Ra8 23. Rad1 Bc4 24. Bc5 Rfd8 25. Kg2 Rd5 26. Rxd5 Bxd5 27. Rb1 Bc4 28. f4 h6 29. Kf3 Rd8 30. Bd6 f5 31. Ke3 Rc8 32. Rb4 Bf1 33. Kd2 Ra8 34. Rd4 Bc4 35. h4 Kf7 36. Ke3 Rc8 37. Bb4 Bd5 38. Rd2 Rc4 39. Rd4 Rc6 40. Kd2 Ra6 41. Bd6 Ra8 42. Ke3 Rc8 43. Kd2 Ra8 44. Bb4 1/2-1/2

[Event "South Wales Late Summer op"]
[Site "Cardiff"]
[Date "2022.09.04"]
[Round "5"]
[White "Fowler, Hugo"]
[Black "Fathallah, Joe"]
[Result "0-1"]
[WhiteElo "1904"]
[BlackElo "1907"]
[PlyCount "96"]
[EventDate "2022.09.02"]
[EventType "swiss"]
[EventRounds "5"]
[EventCountry "WLS"]
[SourceTitle "EXT 2024"]
[Source "ChessBase"]
[SourceDate "2023.10.10"]
[SourceVersion "1"]
[SourceVersionDate "2023.10.10"]
[SourceQuality "1"]

1. e4 e6 2. d4 d5 3. exd5 exd5 4. Bd3 Bd6 5. Ne2 Nf6 6. 0-0 0-0 7. Bf4 Bg4 8. f3 Bh5 9. Nd2 c6 10. c3 Re8 11. Bxd6 Qxd6 12. a4 Nbd7 13. a5 Bg6 14. Bxg6 hxg6 15. b4 Re7 16. Nb3 Rae8 17. Re1 g5 18. h3 g4 19. hxg4 Nxg4 20. fxg4 Nf6 21. Qd2 Nxg4 22. g3 Re3 23. Kf1 Qf6+ 24. Nf4 g5 25. Rxe3 Nxe3+ 26. Kg1 gxf4 27. Qf2 Qg6 28. Qxf4 Re4 29. Qf2 Rg4 30. Kh2 Rh4+ 31. Kg1 Rg4 32. Qxe3 Rxg3+ 33. Kf2 Rxe3 34. Kxe3 Qc2 35. Rg1+ Kf8 36. Nc1 Qxc3+ 37. Nd3 Qc2 38. Rh1 Qg2 39. Rh8+ Ke7 40. Ra8 Qe4+ 41. Kd2 Qxd4 42. Rb8 b6 43. Rb7+ Ke6 44. Rxa7 c5 45. bxc5 bxc5 46. Ke2 c4 47. Ra6+ Kf5 48. Nf2 c3 0-1

[Event "South Wales Late Summer op"]
[Site "Cardiff"]
[Date "2022.09.04"]
[Round "4"]
[White "Menadue, Jeremy FS"]
[Black "Fowler, Hugo"]
[Result "1-0"]
[WhiteElo "1960"]
[BlackElo "1904"]
[PlyCount "37"]
[EventDate "2022.09.02"]
[EventType "swiss"]
[EventRounds "5"]
[EventCountry "WLS"]
[SourceTitle "EXT 2024"]
[Source "ChessBase"]
[SourceDate "2023.10.10"]
[SourceVersion "1"]
[SourceVersionDate "2023.10.10"]
[SourceQuality "1"]

1. d4 d5 2. c4 c5 3. e3 cxd4 4. exd4 Nf6 5. Nc3 e6 6. Nf3 Nc6 7. a3 Be7 8. c5 Ne4 9. Bd3 Nxc3 10. bxc3 b6 11. cxb6 axb6 12. Qe2 0-0 13. h4 Na5 14. Bxh7+ Kh8 15. Bd3 g6 16. Qe3 Bf6 17. Qh6+ Kg8 18. Ng5 Bxg5 19. hxg5 1-0

[Event "South Wales op 17th"]
[Site "Bridgend"]
[Date "2022.07.08"]
[Round "3"]
[White "Fowler, Hugo"]
[Black "Waddington, Mike P"]
[Result "1/2-1/2"]
[WhiteElo "1873"]
[BlackElo "2071"]
[PlyCount "49"]
[EventDate "2022.07.07"]
[EventType "swiss"]
[EventRounds "9"]
[EventCountry "WLS"]
[SourceTitle "CBM 209 Extra"]
[Source "ChessBase"]
[SourceDate "2022.09.30"]
[SourceVersion "1"]
[SourceVersionDate "2022.09.30"]
[SourceQuality "1"]

1. e4 c5 2. c3 Nf6 3. e5 Nd5 4. d4 cxd4 5. cxd4 Nc6 6. Nf3 d6 7. Bc4 Nb6 8. Bb3 dxe5 9. Nxe5 Nxe5 10. dxe5 Qxd1+ 11. Bxd1 Bf5 12. 0-0 0-0-0 13. Nc3 e6 14. Bb3 Bb4 15. Be3 Kb8 16. Rfd1 Bd3 17. Rac1 Bf5 18. Nb5 Rxd1+ 19. Rxd1 Rc8 20. Nd6 Bxd6 21. Rxd6 Nc4 22. Bxc4 Rxc4 23. f4 Rc2 24. Rd2 Rxd2 25. Bxd2 1/2-1/2

[Event "Online Olym Div2 B"]
[Site "Chess.com INT"]
[Date "2021.09.04"]
[Round "8.5"]
[White "Fowler, Hugo"]
[Black "Begmuratov, Khumoyun"]
[Result "0-1"]
[WhiteElo "1840"]
[BlackElo "2148"]
[PlyCount "100"]
[EventDate "2021.09.02"]
[EventType "team (rapid)"]
[EventRounds "9"]
[EventCountry "USA"]
[SourceTitle "CBM 204 Extra"]
[Source "ChessBase"]
[SourceDate "2021.11.30"]
[SourceVersion "1"]
[SourceVersionDate "2021.11.30"]
[SourceQuality "1"]
[WhiteTeam "Wales"]
[BlackTeam "Uzbekistan"]
[WhiteTeamCountry "WLS"]
[BlackTeamCountry "UZB"]

1. e4 e5 2. Nf3 Nc6 3. Bc4 Nf6 4. d3 h6 5. c3 d6 6. 0-0 g6 7. d4 Qe7 8. dxe5 Nxe5 9. Nxe5 Qxe5 10. Qe2 Bg7 11. f3 0-0 12. Be3 Re8 13. Re1 c5 14. Nd2 a6 15. a4 Bd7 16. a5 Bc6 17. Bb3 Rad8 18. Nc4 Qe7 19. Qf2 Qc7 20. Nb6 Kh7 21. Rad1 Re7 22. Qd2 Bb5 23. c4 Bc6 24. Bxc5 dxc5 25. Qxd8 Qe5 26. Rd2 Nh5 27. Nd5 Rd7 28. Qh4 Nf4 29. Red1 Ne6 30. Qf2 Nd4 31. Ba2 Ba4 32. Re1 g5 33. Nb6 Bc6 34. Nxd7 Bxd7 35. Red1 Qc7 36. Rxd4 cxd4 37. Qd2 Be5 38. h3 f6 39. Qd3 Qxa5 40. Bb3 Qb4 41. Rc1 a5 42. Qc2 a4 43. Ba2 Qc5 44. Qd3 h5 45. b3 Qa3 46. Qc2 d3 47. Qxd3 Qxc1+ 48. Kf2 Qb2+ 49. Qe2 Bd4+ 50. Kf1 Qa1+ 0-1